000 00316nam a2200109Ia 4500
008 171211s9999 xx 000 0 und d
245 _aStrokes Of Genius 6: The Best Of Drawing
245 _cRachel Rubin Wolf
260 _c2014
650 _xDrawing
856 _uhttp://down.ebook777.com/005/StrOfGen6TheBesOfDra.pdf
999 _c348022
_d348022